000 00535nam a2200205Ia 4500
001 69250
008 151103s9999||||xx |||||||||||||| ||und||
020 _a9780470665411
040 _cPK-LaUMT
082 _a 616.891425
_bBRA-C
100 _aBranch, Rhena
245 _aCognitive behavioural therapy for dummies
_cBranch, Rhena|Willson, Rob
250 _a2nd
260 _aWest Sussex,USA:
_bJohn Wiley & Sons,
_c2010
300 _a390 p.
546 _aEN
650 _aCognitive therapy
700 _aWillson, Rob
942 _cBK
999 _c78263
_d78263